Normal view
MARC view
Entry Topical Term
001 - CONTROL NUMBER
- control field: 5406
003 - CONTROL NUMBER IDENTIFIER
- control field: ARRUPE
005 - DATE AND TIME OF LATEST TRANSACTION
- control field: 20131210141657.0
008 - FIXED-LENGTH DATA ELEMENTS
- fixed length control field: 131210|| aca||aabn | a|a d
040 ## - CATALOGING SOURCE
- Original cataloging agency: ARRUPE
- Transcribing agency: ARRUPE
150 ## - HEADING--TOPICAL TERM
- Topical term or geographic name as entry element: Lord's supper
- General subdivision: catholic church
670 ## - SOURCE DATA FOUND
- Source citation: Work cat.: (ARRUPE): Moloney, Raymonds SJ 5405, Rediscovering the Eucharist, 2012